Logo biblioteca
Santa Fe 2917, Rosario, Santa Fe
Lu-Vi 8 a 19.45
+54-341-4232362
bibliotecaeudoro@gmail.com
Facebook Biblioteca Pedagógica
Sitio web

Redacción de preguntas para un estudio de casos en educación ambiental / (Registro nro. 32620)

Detalles MARC
000 -CABECERA
campo fijo de control de longitud 01273nab a2200265 4500
003 - IDENTIFICADOR DEL NÚMERO DE CONTROL
campo de control AR-RoBPED
005 - FECHA Y HORADE LA ULTIMA TRANSACCION
campo de control 20260424093517.0
008 - ELEMENTOS DE LONGITUD FIJA--INFORMACION GENERAL
campo fijo de control de longitud 260424b |||||||| |||| 00| 0 spa d
040 ## - FUENTE CATALOGADORA
Centro catalogador/agencia de origen AR-RoBPED
041 ## - IDIOMA
Código de idioma para texto/pista de sonido o título independiente spa
100 1# - ENCABEZAMIENTO PRINCIPAL--AUTOR PERSONAL
Nombre de persona Bazán, Héctor G.
9 (RLIN) 26584
Función Doctor en Geografía y máster en Investigación aplicada a la Educación
245 1# - TITULO
Título Redacción de preguntas para un estudio de casos en educación ambiental /
260 ## - PUBLICACION
Lugar Buenos Aires :
Editor Noveduc,
Fecha 2024
300 ## - DESCRIPCION FISICA
Extensión 46-49 p.
500 ## - NOTA GENERAL
Nota general El presente trabajo ofrece aspectos conceptuales sobre la Educación Ambiental Integral y el estudio de casos, así como también comparte una experiencia didáctica para el desarrollo de aprendizajes y contenidos relacionados con al educación ambiental, llevada a cabo en un instituto de Nivel Superior de la ciudad de Córdoba.
650 #7 - TERMINO DE MATERIA--CONTROLADO
Término controlado EDUCACION AMBIENTAL
9 (RLIN) 11
Término controlado NIVEL SUPERIOR
9 (RLIN) 28977
Término controlado DIDACTICA
9 (RLIN) 167
Término controlado ENSEÑANZA
9 (RLIN) 342
Término controlado APRENDIZAJE
9 (RLIN) 560
Término controlado EXPERIENCIAS EDUCACIONALES
9 (RLIN) 18339
773 0# - DOCUMENTO FUENTE
Host Biblionumber 20414
Host Itemnumber 41866
Place, publisher, and date of publication Buenos Aires : Noveduc, 1993-
Título Novedades Educativas
Record control number (AR-RoBPED)20414
International Standard Serial Number 03283534
942 ## - ELEMENTOS KOHA
Fuente de clasificación Universal Decimal Classification
Koha tipo de ítem Revistas
Clasificación 37(05)
Signatura librística Nov 86 N° 398 (Sept.2024)
Número Koha k.32620
945 ## - PROCESAMIENTO DE LA INFORMACIÓN LOCAL
Catalogador y fecha mar 04/2026

No hay ítems disponibles.